Villes des Hauts-de-France de plus de 10 000 habitants - Statistiques

Statistiques générales
  • Ce quiz a été pris 122 fois
  • Le résultat moyen est 44 sur 99
Statistiques - réponses
Département Villes Population % Correct
62 Calais 67380
100%
59 Lille 236710
100%
59 Dunkerque 86788
99%
80 Amiens 133625
98%
59 Roubaix 98892
98%
59 Valenciennes 42991
95%
62 Arras 42600
94%
62 Lens 32618
93%
59 Tourcoing 99011
93%
59 Douai 39648
92%
62 Boulogne-sur-Mer 40910
90%
60 Beauvais 56677
87%
02 Saint-Quentin 52958
87%
59 Villeneuve-d'Ascq 62067
85%
02 Laon 24021
83%
80 Abbeville 22595
80%
62 Béthune 24992
79%
59 Cambrai 31425
78%
59 Maubeuge 29066
77%
62 Saint-Omer 14661
77%
60 Compiègne 40394
76%
60 Creil 36106
73%
59 Marcq-en-Barœul 39356
72%
02 Soissons 28705
71%
62 Liévin 30149
70%
62 Hénin-Beaumont 26035
69%
59 Armentières 25581
67%
59 Wattrelos 40836
64%
59 Hazebrouck 21498
62%
62 Berck 13298
57%
02 Château-Thierry 15204
56%
60 Chantilly 10652
55%
59 Croix 20778
53%
60 Senlis 15255
53%
59 Wasquehal 20836
52%
59 Denain 20640
51%
59 Loos 23013
51%
59 Grande-Synthe 20331
47%
59 Mons-en-Barœul 21467
47%
60 Clermont 10475
42%
59 Lambersart 27121
40%
59 Seclin 12834
40%
59 La Madeleine 22488
38%
59 Saint-Amand-les-Eaux 15980
38%
59 Hem 18713
37%
60 Noyon 12987
37%
62 Bruay-la-Buissière 21827
36%
59 Gravelines 11223
35%
59 Wattignies 15531
35%
59 Bailleul 14869
34%
62 Carvin 17852
34%
59 Halluin 20829
34%
59 Fourmies 11456
33%
60 Nogent-sur-Oise 21382
33%
62 Avion 17672
31%
59 Coudekerque-Branche 20765
31%
59 Ronchin 19437
30%
02 Chauny 11496
29%
59 Faches-Thumesnil 18110
29%
02 Villers-Cotterêts 10454
28%
59 Wambrechies 10798
28%
60 Crépy-en-Valois 14217
27%
02 Tergnier 13431
27%
59 Jeumont 10342
26%
62 Étaples 10930
24%
62 Outreau 13270
24%
59 Roncq 13784
24%
59 Haubourdin 14757
23%
62 Nœux-les-Mines 11520
23%
59 Sin-le-Noble 15603
23%
59 Anzin 13422
22%
59 Comines 12671
22%
62 Longuenesse 10568
22%
59 Saint-André-lez-Lille 12942
22%
59 Marquette-lez-Lille 11213
21%
60 Méru 14320
21%
62 Bully-les-Mines 12221
19%
62 Marck 10494
19%
59 Caudry 14070
17%
59 Lys-lez-Lannoy 13793
17%
59 Somain 11790
17%
60 Montataire 13701
16%
59 Mouvaux 13173
16%
60 Pont-Sainte-Maxence 12291
16%
59 Hautmont 14182
15%
62 Courrières 10199
14%
59 Douchy-les-Mines 10207
14%
59 Vieux-Condé 10446
14%
62 Auchel 10062
13%
59 Marly 12024
13%
62 Oignies 10210
13%
59 Raismes 12055
13%
59 Saint-Saulve 11117
13%
59 Annœullin 10780
12%
62 Méricourt 11431
12%
62 Harnes 12317
10%
59 Neuville-en-Ferrain 10160
10%
62 Saint-Martin-Boulogne 10999
10%
59 Bruay-sur-l'Escaut 11309
7%
Aucun quiz correspondant
Distribution des résultats
% des personnes avec chaque résultat
Percentile par nombre de réponses
Votre historique - résultats
Vous n’avez pas pris ce quiz